000
00317nam a2200157Ia 4500
100
_a
Narayan Raj
650
_a
Automobiles
942
_c
BK
654
_a
corrosion
245
_a
Corroson and its Prevention
260
_b
Oxford
082
_a
623.3815
_b
NAR
300
_a
247
546
_a
ENGLISH
999
_c
18647
_d
18647